000 02557nam a22002057a 4500
008 250618b |||||||| |||| 00| 0 eng d
020 _a9781663260574
040 _ctbs
041 _aeng
_achi
_ajpn
_akor
100 _aLee, Yong S.
_925509
_eauthor
245 _aAchieving true fluency in English
_b: by mastering figures of speech : idioms, metaphors and phrasal verbs
_c/ Yong S. Lee.
260 _aBloomington, IN :
_biUniverse
_c2024.
300 _a235 pages :
_billustrations, portraits (black and white) ;
_c23 cm.
520 _aThis comprehensive guide is tailored for non-native English speakers, particularly those from Korea, Japan, and China. It aims to facilitate true linguistic proficiency by demystifying the complex idioms, metaphors, and non-literal phrasal verbs that often pose obstacles in various contexts—from daily social interactions to high-stakes business negotiations and diplomatic engagements. The book curates a collection of 250 expressive figures of speech, each elucidated with their etymologies, illustrative images, and applications, drawing on the wisdom of “” (seeing once is better than hearing a hundred times). From a broader perspective, understanding these ‘figures of speech’ offers significant advantages. It enables readers to comprehend subtle messages and avoid embarrassing miscommunications. For speakers, using these expressions correctly means conveying complex ideas and emotions vividly and succinctly, enhancing storytelling with imagination and engagement. Additionally, adept use of these expressions can foster a deeper emotional and cultural connection with an audience. Readers will find that this handbook does more than enhance their basic English communication skills; it delves into the nuances of everyday dialogue, equips them to navigate socially delicate situations, and empowers them to be compelling in business and diplomatic discourse. Moreover, a familiarity with common figures of speech allows for a richer enjoyment of English-language media, literature, and pop culture. To make this resource widely accessible, especially to speakers of Korean, Chinese, and Japanese—who share a linguistic heritage—all entries are meticulously translated into these languages, ensuring a seamless learning experience.
650 0 _aEnglish language
_xSelf-instruction
_925365
650 0 _aEnglish language
_xStudy and teaching
_xForeign speakers
_911690
650 0 _aEnglish language
_xConversation and phrase books
_925510
655 0 _aSelf-instructional works
_925331
942 _2lcc
999 _c4766
_d4766